Normal view
MARC view
- Sabiha, Bibi
Entry Personal Name
001 - CONTROL NUMBER
- control field: 28191
003 - CONTROL NUMBER IDENTIFIER
- control field: NUST
005 - DATE AND TIME OF LATEST TRANSACTION
- control field: 20200129160013.0
008 - FIXED-LENGTH DATA ELEMENTS
- fixed length control field: 200129|| aca||aabn | a|a d
040 ## - CATALOGING SOURCE
- Original cataloging agency: NUST
- Transcribing agency: NUST
100 ## - HEADING--PERSONAL NAME
- Personal name: Sabiha, Bibi
670 ## - SOURCE DATA FOUND
- Source citation: Work cat.: (NUST): Sabiha, Bibi, A study of the detection of epigenetic modification (DNA methylation) and expression of DNMT1 in rehumatoid arthritis /, 2013.
